Guess That Conan Gray Song!!! Vol 7 - Statistics

General Stats
  • This quiz has been taken 26 times
  • The average score is 124 of 210
Answer Stats
LYRICS % Correct
A
100%
a
100%
I
100%
You
100%
you
100%
you,
100%
me
91%
we
91%
We
91%
be
86%
love
86%
the
86%
In
82%
in
82%
my
82%
It
77%
it
77%
to
77%
when
77%
When
77%
on
73%
say:
68%
say
68%
And
64%
are
64%
But
64%
don't
64%
this
64%
we're
64%
All
59%
at
59%
by
59%
could
59%
its
59%
It's
59%
life
59%
of
59%
time
59%
Will
59%
eyes
55%
hope
55%
hope,
55%
I'll
55%
is
55%
I've
55%
mind
55%
Not
55%
other
55%
side?
55%
side
55%
than
55%
black
50%
Can't
50%
crying
50%
Faster
50%
got
50%
Got
50%
have
50%
home
50%
how
50%
keep
50%
line
50%
make
50%
Making
50%
over
50%
sky
50%
tired
50%
too
50%
under
50%
what
50%
with
50%
Babe,
45%
ever
45%
goodbye
45%
lash
45%
never
45%
our
45%
Our
45%
Prom
45%
up
45%
almost
41%
better
41%
'bout
41%
clock
41%
doing
41%
flies
41%
meet
41%
Nothing
41%
pass
41%
queen
41%
spend
41%
staring
41%
town
41%
trying
41%
Ah,
36%
ah
36%
bad
36%
been
36%
dreams
36%
Eighteen
36%
happens
36%
lives
36%
pavement
36%
sigh
36%
thinking
36%
afraid
32%
fences
32%
homes
32%
it'd
32%
living
32%
long
32%
Mean
32%
noticed
32%
smiles
32%
sounds
32%
streets
32%
thought
32%
white
32%
caught
27%
fragrant
27%
kept
27%
theirs
27%
walk
27%
we'll
27%
wider
27%
bittersweet
23%
more
23%
quiet
23%
sleep
23%
this'd
23%
Younger
23%
No matching quizzes found
Score Distribution
Percent of People with Each Score
Percentile by Number Answered
Your Score History
You have not taken this quiz